|
|
|
|
| LEADER |
00925ncm a22002292a 4500 |
| 001 |
001258647 |
| 003 |
CZ BrMZK |
| 005 |
20121018113948.0 |
| 007 |
qu |
| 008 |
121018s1962 xr |||||||||||||||||zxx d |
| 040 |
|
|
|a BOA001
|b cze
|
| 072 |
|
7 |
|a 787
|x Hudba pro strunné a smyčcové nástroje
|2 Konspekt
|9 9
|
| 100 |
1 |
|
|a Škvor, František,
|d 1898-1970
|7 kup20010000098825
|4 cmp
|
| 245 |
1 |
0 |
|a Smyčcový kvartet E moll
|h [hudebnina] :
|b pro dvoje housle, violu a violoncello (komp. 1953) : partitura a hlasy /
|c František Škvor ; revid. Dušan Pandula
|
| 250 |
|
|
|a 1. vyd.
|
| 260 |
|
|
|a Praha :
|b Státní hudební vydavatelství,
|c 1962
|
| 300 |
|
|
|a 1 partitura (24 s .) + 4 hlasy (11, 11, 11, 11 s.)
|
| 700 |
1 |
|
|a Pandula, Dušan,
|d 1923-2005
|7 ola200204773
|4 edt
|
| 910 |
|
|
|a BOA001
|b Mus4-0486.140
|
| 990 |
|
|
|a MU
|
| 991 |
|
|
|b 201210
|
| 996 |
6 |
|
|b 2619076272
|c Mus4-0486.140
|l MZK
|r Sklad / do 1 hodiny
|n 0
|w 001292691
|u 000010
|a 1
|e BOA001
|j MZK50
|s P
|